Normal view MARC view

Entry Personal Name

Number of records used in: 1

001 - CONTROL NUMBER

  • control field: 308965

003 - CONTROL NUMBER IDENTIFIER

  • control field: DLC

005 - DATE AND TIME OF LATEST TRANSACTION

  • control field: 20260127141236.0

008 - FIXED-LENGTH DATA ELEMENTS

  • fixed length control field: 060316n| azannaabn |b aaa

010 ## - LIBRARY OF CONGRESS CONTROL NUMBER

  • LC control number: n 2006020177

024 7# - OTHER STANDARD IDENTIFIER

  • Standard number or code: 0000-0002-2372-1180
  • Source of number or code: orcid

035 ## - SYSTEM CONTROL NUMBER

  • System control number: (OCoLC)oca06884481

040 ## - CATALOGING SOURCE

  • Original cataloging agency: DLC
  • Language of cataloging: eng
  • Transcribing agency: DLC
  • Modifying agency: OCoLC
  • Description conventions: rda
  • Modifying agency: MdRoLAC

046 ## - SPECIAL CODED DATES

  • Birth date: 1954-10-29
  • Source of date scheme: edtf

100 1# - HEADING--PERSONAL NAME

  • Personal name: Zhang, Yu-Jin,
  • Dates associated with a name: 1954-

373 ## - ASSOCIATED GROUP

  • Associated group: Qing hua da xue (Beijing, China)
  • Source of term: naf

374 ## - OCCUPATION

  • Occupation: College teachers
  • Source of term: lcsh

375 ## - GENDER

  • Gender: male

377 ## - ASSOCIATED LANGUAGE

  • Language code: eng

400 1# - SEE FROM TRACING--PERSONAL NAME

  • Personal name: Zhang, Yujin,
  • Dates associated with a name: 1954-

400 1# - SEE FROM TRACING--PERSONAL NAME

  • Personal name: 章毓晋,
  • Dates associated with a name: 1954-

670 ## - SOURCE DATA FOUND

  • Source citation: Zhang, Yu-Jin. Advances in image and video segmentation, c2006:
  • Information found: ECIP t.p. (Yu-Jin Zhang) daya view (b. 10/29/54)

670 ## - SOURCE DATA FOUND

  • Source citation: ORCID profile, viewed 24 August 2021:
  • Information found: (Tsinghua University: Beijing, Beijing, CN)
  • Uniform Resource Identifier: https://orcid.org/0000-0002-2372-1180